Народное хозяйство СССР в 1921-1925 гг. Ч. 3: Кооперация (Запись № 7022708)

Подробности
000 -МАРКЕР
контрольное поле 01319nam2a22002891 4500
001 - ИДЕНТИФИКАТОР ЗАПИСИ
контрольное поле rc\1182761
005 - ИДЕНТИФИКАТОР ВЕРСИИ
контрольное поле 20250621234227.0
010 ## - МЕЖДУНАРОДНЫЙ СТАНДАРТНЫЙ НОМЕР КНИГИ (ISBN)
Тираж 1500
Цена Б.ц.
021 ## - НОМЕР ГОСУДАРСТВЕННОЙ РЕГИСТРАЦИИ
Код страны российская федерация
Номер 80-64055
035 ## - ДРУГИЕ СИСТЕМНЫЕ НОМЕРА
Идентификатор записи (NLR Aleph) 005980423
100 ## - ДАННЫЕ ОБЩЕЙ ОБРАБОТКИ
Данные общей обработки 20070321d1980 |||y0rusy50 ca
101 0# - ЯЗЫК РЕСУРСА
Язык текста, звукозаписи и т.д. русский
102 ## - СТРАНА ПУБЛИКАЦИИ ИЛИ ПРОИЗВОДСТВА
Страна публикации российская федерация
105 ## - ПОЛЕ КОДИРОВАННЫХ ДАННЫХ: ТЕКСТОВЫЕ МАТЕРИАЛЫ, МОНОГРАФИЧЕСКИЕ
Кодированные данные о монографическом текстовом документе y a||||||||
200 1# - ЗАГЛАВИЕ И СВЕДЕНИЯ ОБ ОТВЕТСТВЕННОСТИ
Основное заглавие Кооперация
Обозначение и номер части кн. 2
210 ## - ПУБЛИКАЦИЯ, РАСПРОСТРАНЕНИЕ И ДР.
Дата издания, распространения и т.д. 1980
Место издания, распространения и т.д. Б. м.
215 ## - ФИЗИЧЕСКАЯ ХАРАКТЕРИСТИКА
Специфическое обозначение материала и объем 179 с.
461 #0 - УРОВЕНЬ НАБОРА
Встроенное поле 001rc\1189761
-- 2001#$aНародное хозяйство СССР в 1921-1925 гг.$eУказ. сов. лит., 1921-1974 гг.$eВ 4 ч.$f[Сост. Е.В. Бажанова, Т.П. Богатырева, А.Б. Бродская и др.]$vЧ. 3
Системный номер (АБИС) связанной записи 6964442
Место публикации Москва
Дата публикации 1980-1988
Первые сведения об ответственности [составители: Е.В. Бажанова, Т.П. Богатырева, А.Б. Бродская и др.]
Имя издателя, распространителя и т.д. ИНИОН
Сведения, относящиеся к заглавию указатель советской литературы, 1921-1974 гг. : в 4-х частях
Заглавие Народное хозяйство СССР в 1921-1925 гг.
Номер тома Ч. 3
606 1# - НАИМЕНОВАНИЕ ТЕМЫ КАК ПРЕДМЕТ
Наименование темы Кооперация
Формальный подзаголовок Библиография
Географический подзаголовок СССР
Системный номер авторитетной/нормативной записи 1121350
Идентификатор авторитетной/нормативной записи RU\NLR\AUTH\66444359
686 1# - ИНДЕКСЫ ДРУГИХ КЛАССИФИКАЦИЙ
Индекс У9(2)08я1
801 #0 - ИСТОЧНИК ЗАПИСИ
Страна российская федерация
Организация NLR
Правила каталогизации psbo
801 #1 - ИСТОЧНИК ЗАПИСИ
Страна российская федерация
Организация ELAR
Источник данных rusmarc
852 ## - МЕСТОНАХОЖДЕНИЕ И ШИФР ХРАНЕНИЯ
Идентификатор организации NLR
Шифр хранения (Call Number) С К-1/164
942 ## - ДОПОЛНИТЕЛЬНЫЕ ЭЛЕМЕНТЫ ЗАПИСИ (АБИС)
Тип экземпляра АБИС Книга
980 ## - КОЛЛЕКЦИЯ
Название коллекции Национальная библиография
Экземпляры
Тип экземпляра Дата поступления Библиотека постоянного хранения Библиотека текущего хранения Место хранения Шифр хранения Штрих-код Статус не для выдачи Источник поступления Стоимость
Книга 26.10.2013 РНБ (Московский) РНБ (Московский) Центральная справочная библиотека С К-1/164 1-2954554      
Книга 25.06.2020 РНБ (Московский) РНБ (Московский) Центральная справочная библиотека С К-1/164 1-2954555   Обязательный экземпляр 0.00